00508nam a2200169Ia 450000500170000000800410001702000150005808200130007310000180008624500260010426000090013030000130013950000700015294200060022295200950022899900150032320250627022253.0240331s9999 xx 000 0 und d a9559501925 bEDIa370 aEdirisinghe,P 0aDaruwa saha mihikatha c1992 a216 p ., aA story revolving around the modern education system in Sri Lanka cL 001040708LaWERCLbWERCLcSSCd2024-03-31l0o 370 EDIp4339r2024-03-31w2024-03-31yL c5088d5088